Teoría y política / (Record no. 97484)

MARC details
000 -LEADER
campo de control de longitud fija 00896nam a2200229 i 4500
001 - NÚMERO DE CONTROL
campo de control 97484
003 - IDENTIFICADOR DE NÚMERO DE CONTROL
campo de control ES-MaACL
005 - FECHA Y HORA DE LA ÚLTIMA TRANSACCIÓN
campo de control 20240310062954.0
007 - CAMPO FIJO DE DESCRIPCIÓN FÍSICA--INFORMACIÓN GENERAL
campo de control de longitud fija t|
008 - DATOS DE LONGITUD FIJA--INFORMACIÓN GENERAL
campo de control de longitud fija 050712s1980 sp ||||1| spa d
100 0# - ENTRADA PRINCIPAL--NOMBRE DE PERSONA
Nombre de persona Marcuse, Herbert,
Fechas asociadas al nombre 1898-1979
9 (RLIN) 76559
245 10 - MENCIÓN DEL TÍTULO
Título Teoría y política /
Mención de responsabilidad, etc. Herbert Marcuse, Jürgen Habermas; traducción del alemán de Manuel Jiménez Redondo.
260 ## - PUBLICACIÓN, DISTRIBUCIÓN, ETC.
Lugar de publicación, distribución, etc. Valencia :
Nombre del editor, distribuidor, etc. Universidad de Valencia, Departamento de Lógica y Filosofía de la Ciencia,
Fecha de publicación, distribución, etc. 1980.
300 ## - DESCRIPCIÓN FÍSICA
Extensión 73 p. ;
Dimensiones 19 cm.
490 1# - MENCIÓN DE SERIE
Mención de serie Cuadernos Teorema ;
Designación de volumen o secuencia v. 56
700 1# - ENTRADA AGREGADA--NOMBRE PERSONAL
Nombre de persona Habermas, Jürgen.
9 (RLIN) 61376
700 1# - ENTRADA AGREGADA--NOMBRE PERSONAL
Nombre de persona Jiménez Redondo, Manuel.
9 (RLIN) 66597
710 2# - ENTRADA AGREGADA--NOMBRE DE ENTIDAD CORPORATIVA
Nombre de entidad corporativa o nombre de jurisdicción como elemento de entrada Universidad de Valencia.
Unidad subordinada Departamento de Lógica y Filosofía de la Ciencia.
9 (RLIN) 7323
830 0# - PUNTO DE ACCESO ADICIONAL DE SERIE-TÍTULO UNIFORME
Título uniforme Cuadernos Teorema ;
Designación de volumen o secuencia v. 56
9 (RLIN) 180999
852 ## - LOCALIZACIÓN
Ubicación ES-MaACL
Número de control de estantería C-14248
Sublocalización o colección R.100356
Holdings
Estatus retirado Estado de pérdida Estado de daño No para préstamo Biblioteca de origen Biblioteca actual Ubicación en estantería Fecha de adquisición Fuente de adquisición Total de préstamos Signatura topográfica completa Código de barras Visto por última vez Precio de reemplazo Tipo de ítem Koha
        Biblioteca del Ateneo de Madrid Biblioteca del Ateneo de Madrid Sala Palomar 17/01/2008     C-14248 1101767 23/02/2023 23/02/2023 Libro impreso